000
00266nam a22001217a 4500
003
SGT
082
_a
004.22,HWA
100
_a
HWANG KAI
245
_a
ADVANCED COMPUTER ARCHITECTURE
260
_a
NEW DELHI
_b
TATA MC GRAW HILL
_c
2012
300
_a
723
942
_2
ddc
_c
BK
999
_c
32603
_d
32603